000 00526nam a2200157Ia 4500
008 230907s9999||||xx |||||||||||||| ||und||
082 _a621.3
_bWAJ
100 _aWajeeha Tauqir (00000103863)
_9116460
245 0 _aModeling and Simulation of Biomass Gasification Integrated with Solid Oxide Fuel Cell System for Power Generation /
260 _aUSPCAS-E, NUST,
_bIslamabad :
_c2019
300 _a86 p.
520 _aTH-161
650 _aMS-ESE Thesis MS Thesis
700 _aDr. Muhammad Zubair
_928907
942 _cTHE
_2ddc
999 _c601840
_d601840